| 000 | 00519nam a2200145 a 4500 | ||
|---|---|---|---|
| 008 | 120416s1982 ||||||||||||||||| || u | ||
| 050 | _aZAM PL 8069.1 Oge | ||
| 100 | _aOger, Louis | ||
| 245 | 1 | 0 | _aIcibemba cakwa Chitimukulu |
| 260 |
_aChinsali _bThe Language Centre Ilondola _c1982 |
||
| 300 | _a225p. : Ill. | ||
| 350 | _a0.00 | ||
| 650 | _aBEMBA LANGUAGE--PARAMOUNT CHIEF | ||
| 995 |
_D0.00 _FCBU-MAIN LIBRARY (Kitwe) _H1 _I0.00 _M1 _UAVAILABLE _ZZambiana Collection |
||
| 999 |
_c46093 _d46093 |
||